<?xml version="1.0" encoding="UTF-8"?>
<record
    xmlns:xsi="http://www.w3.org/2001/XMLSchema-instance"
    xsi:schemaLocation="http://www.loc.gov/MARC21/slim http://www.loc.gov/standards/marcxml/schema/MARC21slim.xsd"
    xmlns="http://www.loc.gov/MARC21/slim">

  <leader>04701nam a2200337 u 4500</leader>
  <controlfield tag="001">000002697</controlfield>
  <controlfield tag="003">DO-SdBNP</controlfield>
  <controlfield tag="005">20250407130756.0</controlfield>
  <controlfield tag="008">090703s2006    dr a    r     000 0 spa d</controlfield>
  <datafield tag="020" ind1=" " ind2=" ">
    <subfield code="a">9945856200</subfield>
  </datafield>
  <datafield tag="040" ind1=" " ind2=" ">
    <subfield code="a">DO-SdBNP</subfield>
    <subfield code="b">spa</subfield>
    <subfield code="c">BNPHU</subfield>
  </datafield>
  <datafield tag="082" ind1=" " ind2=" ">
    <subfield code="a">333.75</subfield>
    <subfield code="b">R436e</subfield>
  </datafield>
  <datafield tag="245" ind1="0" ind2="1">
    <subfield code="a">Restauraci&#xF3;n de especies nativas en los helechales de la Reserva Cient&#xED;fica &#xC9;bano Verde :</subfield>
    <subfield code="b">ensayos preliminares y dise&#xF1;o de un plan de actuaci&#xF3;n /</subfield>
    <subfield code="c">Luis navarro ... [et al.].</subfield>
  </datafield>
  <datafield tag="260" ind1=" " ind2=" ">
    <subfield code="a">Rep&#xFA;blica Dominicana :</subfield>
    <subfield code="b">Secretar&#xED;a de Estado de Medio Ambiente y Recursos Naturales,</subfield>
    <subfield code="c">2006.</subfield>
  </datafield>
  <datafield tag="300" ind1=" " ind2=" ">
    <subfield code="a">139 p. :</subfield>
    <subfield code="b">il. ;</subfield>
    <subfield code="c">25 cm.</subfield>
  </datafield>
  <datafield tag="504" ind1=" " ind2=" ">
    <subfield code="a">Bibliograf&#xED;a : p. 137-139</subfield>
  </datafield>
  <datafield tag="505" ind1="0" ind2=" ">
    <subfield code="t">Presentaci&#xF3;n /</subfield>
    <subfield code="r">Enrique Armenteros Ruis --</subfield>
    <subfield code="g">Introducci&#xF3;n --</subfield>
    <subfield code="g">Cap&#xED;tulo I: Breve historia del uso de las tierras y sus implicaciones --</subfield>
    <subfield code="t">Historia de la transformaci&#xF3;n de los bosques ;</subfield>
    <subfield code="t">Implicaciones de la transforaci&#xF3;n de los bosques en &#xE1;reas agr&#xED;colas ;</subfield>
    <subfield code="t">Procesos y patrones de deforestaci&#xF3;n --</subfield>
    <subfield code="g">Cap&#xED;tulo 2: Regeneraci&#xF3;n de los bosques --</subfield>
    <subfield code="t">Regeneraci&#xF3;n de los bosques ;</subfield>
    <subfield code="t">Sucesi&#xF3;n vegetal ;</subfield>
    <subfield code="t">Facilitaci&#xF3;n ;</subfield>
    <subfield code="t">Tolerancia ;</subfield>
    <subfield code="t">Inhibici&#xF3;n ;</subfield>
    <subfield code="t">Mecanismos de colonizaci&#xF3;n de un &#xE1;rea perturbada ;</subfield>
    <subfield code="t">Lluvia de semillas ;</subfield>
    <subfield code="t">Bancos de semillas ;</subfield>
    <subfield code="t">Bancos de pl&#xE1;ntulas ;</subfield>
    <subfield code="t">Regeneraci&#xF3;n vegetativa ;</subfield>
    <subfield code="t">Algunos ejemplos de sucesi&#xF3;n secundaria en los tr&#xF3;picos ;</subfield>
    <subfield code="t">Restauraci&#xF3;n de ecosistemas ;</subfield>
    <subfield code="t">&#xBF;Qu&#xE9; barreras pueden inhibir o frenar la regeneraci&#xF3;n natural? ;</subfield>
    <subfield code="t">Baja disponibilidad de prop&#xE1;gulos ;</subfield>
    <subfield code="t">Suelos pobres en nutrientes u organismos simbiontes ;</subfield>
    <subfield code="t">Problemas de competencia con especies establecidas ;</subfield>
    <subfield code="t">Falta de micro-h&#xE1;bitas adecuados ;</subfield>
    <subfield code="t">Limitaci&#xF3;n h&#xED;drica --</subfield>
    <subfield code="g">Capitulo 3: Historia del uso de las tierras en La Espa&#xF1;ola, en la Cordillera Central y en &#xC9;bano Verde --</subfield>
    <subfield code="t">Indios Ta&#xED;nos y agricultura de tumba y quema ;</subfield>
    <subfield code="t">Siglos XV-XVI. Dominaci&#xF3;n espa&#xF1;ola y cambio del uso de las tierras ;</subfield>
    <subfield code="t">Siglo XVII. Crisis de la industria azucarera y regenaci&#xF3;n de los bosques en Rep&#xFA;blica Dominicana ;</subfield>
    <subfield code="t">Incremento del ganado en Hait&#xED; ;</subfield>
    <subfield code="t">Caza descontrolada y reconversi&#xF3;n a la agricultura en Hait&#xED; ;</subfield>
    <subfield code="t">Siglo XVIII. Instalaci&#xF3;n de ingenios azucareros y comercio de maderas preciosas a gran escala en Hait&#xED; ;</subfield>
    <subfield code="t">Siglo XIX. Consecuencias de la Revoluci&#xF3;n Haitiana ;</subfield>
    <subfield code="t">Siglo XX. Asentamiento de poblaci&#xF3;n en las &#xE1;reas de monta&#xF1;a ;</subfield>
    <subfield code="t">Declive de la industria madera ;</subfield>
    <subfield code="t">la Cordillera Central y el uso de las tierras ;</subfield>
    <subfield code="t">El problema de los helechales y restauraci&#xF3;n del bosque nativo ;</subfield>
    <subfield code="t">La Reserva Cient&#xED;fica &#xC9;bano Verde como &#xE1;rea de protecci&#xF3;n de cuencas hidrogr&#xE1;ficas y reducto del bosque de monta&#xF1;a --</subfield>
  </datafield>
  <datafield tag="505" ind1="0" ind2=" ">
    <subfield code="g">Cap&#xED;tulo 4: Regeneraci&#xF3;n de los bosques de la Cordillera Central: un proyecto piloto en la Reserva Cient&#xED;fica &#xC9;bano Verde ;</subfield>
    <subfield code="t">Introducci&#xF3;n ;</subfield>
    <subfield code="t">El &#xE1;rea de estudio ;</subfield>
    <subfield code="t">La vegetaci&#xF3;n actual en el &#xE1;rea de estudio ;</subfield>
    <subfield code="t">Metodolog&#xED;a del trabajo ;</subfield>
    <subfield code="t">Resultados ;</subfield>
    <subfield code="t">Discusi&#xF3;n y conclusiones --</subfield>
    <subfield code="g">Cap&#xED;tulo 5: Barreras para la regeneraci&#xF3;n de la vegetaci&#xF3;n le&#xF1;osa en la Reserva Cient&#xED;fica &#xC9;bano Verde --</subfield>
    <subfield code="t">Limitaci&#xF3;n de semillas ;</subfield>
    <subfield code="t">Barrera f&#xED;sica y competencia ;</subfield>
    <subfield code="t">Limitaci&#xF3;n de nutrientes ;</subfield>
    <subfield code="t">&#xBF;C&#xF3;mo se puede acelerar el proceso de regeneraci&#xF3;n del bosque?. Estrategias para vencer las barreras --</subfield>
    <subfield code="g">Cap&#xED;tulo 6: Ensayos de restauraci&#xF3;n y regeneraci&#xF3;n natural despu&#xE9;s de cortar los helechales --</subfield>
    <subfield code="g">Introducci&#xF3;n --</subfield>
    <subfield code="t">Material y m&#xE9;todos ;</subfield>
    <subfield code="t">Preparaci&#xF3;n de las parcelas de trabajo. Corta de helechos ;</subfield>
    <subfield code="t">Experimento de siembra ;</subfield>
    <subfield code="t">Regeneraci&#xF3;n natural ;</subfield>
    <subfield code="t">Efecto de la eliminaci&#xF3;n de los helechos sobre la fertilidad de los suelos ;</subfield>
    <subfield code="t">Resultados ;</subfield>
    <subfield code="t">Experimentos de siembra ;</subfield>
    <subfield code="t">Regeneraci&#xF3;n natural ;</subfield>
    <subfield code="t">Efecto de la eliminaci&#xF3;n de los helechos sobre la fertilidad de los suelos ;</subfield>
    <subfield code="t">Rebrote de los helechos ;</subfield>
    <subfield code="t">Discusi&#xF3;n --</subfield>
    <subfield code="g">Cap&#xED;tulo 7: Propuesta de plan de trabajo para recuperar el bosque original en la Reserva Cient&#xED;fica &#xC9;bano Verde --</subfield>
    <subfield code="t">An&#xE1;lisis espacial de la reserva ;</subfield>
    <subfield code="t">Preparaci&#xF3;n de las &#xE1;reas de restauraci&#xF3;n ;</subfield>
    <subfield code="t">Regeneraci&#xF3;n natural ;</subfield>
    <subfield code="t">Enriquecimiento de siembras ;</subfield>
    <subfield code="t">Colecci&#xF3;n de semillas y plant&#xFA;las para sembrar ;</subfield>
    <subfield code="t">Vivero ;</subfield>
    <subfield code="t">Siembra de especies en las parcelas ;</subfield>
    <subfield code="t">Recursos humanos --</subfield>
    <subfield code="g">Referencias bibliogr&#xE1;ficas</subfield>
    <subfield code="g">Conclusiones</subfield>
  </datafield>
  <datafield tag="590" ind1=" " ind2=" ">
    <subfield code="a">Inventariado, 2018/LP</subfield>
  </datafield>
  <datafield tag="650" ind1=" " ind2="0">
    <subfield code="a">Reforestaci&#xF3;n</subfield>
    <subfield code="9">8510</subfield>
  </datafield>
  <datafield tag="650" ind1=" " ind2="0">
    <subfield code="a">Aforestaci&#xF3;n</subfield>
    <subfield code="9">7850</subfield>
  </datafield>
  <datafield tag="650" ind1=" " ind2="4">
    <subfield code="a">Reproducci&#xF3;n de bosques tropicales</subfield>
    <subfield code="9">8511</subfield>
  </datafield>
  <datafield tag="650" ind1=" " ind2="0">
    <subfield code="a">&#xC1;reas protegidas</subfield>
    <subfield code="9">7050</subfield>
  </datafield>
  <datafield tag="650" ind1=" " ind2="0">
    <subfield code="a">Conservaci&#xF3;n de los recursos naturales</subfield>
    <subfield code="9">1562</subfield>
  </datafield>
  <datafield tag="650" ind1=" " ind2="0">
    <subfield code="a">Parques Nacionales</subfield>
    <subfield code="z">Rep&#xFA;blica Dominicana</subfield>
    <subfield code="9">7049</subfield>
  </datafield>
  <datafield tag="651" ind1=" " ind2="4">
    <subfield code="a">Reserva Cient&#xED;fica de &#xC9;bano Verde (Rep&#xFA;blica Dominicana)</subfield>
    <subfield code="9">8513</subfield>
  </datafield>
  <datafield tag="700" ind1="1" ind2=" ">
    <subfield code="a">Aide, T. Michell</subfield>
    <subfield code="9">8514</subfield>
  </datafield>
  <datafield tag="700" ind1="1" ind2=" ">
    <subfield code="a">Slocum, Matthew G.</subfield>
    <subfield code="9">8515</subfield>
  </datafield>
  <datafield tag="700" ind1="1" ind2=" ">
    <subfield code="a">Zimmerman, Jess K.</subfield>
    <subfield code="9">8516</subfield>
  </datafield>
  <datafield tag="942" ind1=" " ind2=" ">
    <subfield code="2">ddc</subfield>
    <subfield code="c">LBS1</subfield>
  </datafield>
  <datafield tag="952" ind1=" " ind2=" ">
    <subfield code="0">0</subfield>
    <subfield code="1">0</subfield>
    <subfield code="2">ddc</subfield>
    <subfield code="5">6</subfield>
    <subfield code="7">0</subfield>
    <subfield code="8">DS</subfield>
    <subfield code="a">BNPHU</subfield>
    <subfield code="b">GR</subfield>
    <subfield code="c">HD</subfield>
    <subfield code="d">2009-07-03</subfield>
    <subfield code="l">0</subfield>
    <subfield code="o">BNPHU PD 333.75 R436e</subfield>
    <subfield code="p">2697-30</subfield>
    <subfield code="r">2020-06-25</subfield>
    <subfield code="t">e. 3</subfield>
    <subfield code="w">2020-06-25</subfield>
    <subfield code="y">LFDS</subfield>
  </datafield>
  <datafield tag="952" ind1=" " ind2=" ">
    <subfield code="0">0</subfield>
    <subfield code="1">0</subfield>
    <subfield code="2">ddc</subfield>
    <subfield code="5">1</subfield>
    <subfield code="7">1</subfield>
    <subfield code="8">PD</subfield>
    <subfield code="a">BNPHU</subfield>
    <subfield code="b">PD</subfield>
    <subfield code="c">HD</subfield>
    <subfield code="d">2009-07-03</subfield>
    <subfield code="l">0</subfield>
    <subfield code="o">BNPHU PD 333.75 R4362e</subfield>
    <subfield code="p">2697-10</subfield>
    <subfield code="r">2020-06-25</subfield>
    <subfield code="w">2020-06-25</subfield>
    <subfield code="y">LFPD</subfield>
  </datafield>
  <datafield tag="952" ind1=" " ind2=" ">
    <subfield code="0">0</subfield>
    <subfield code="1">0</subfield>
    <subfield code="2">ddc</subfield>
    <subfield code="5">3</subfield>
    <subfield code="7">2</subfield>
    <subfield code="8">PD</subfield>
    <subfield code="a">BNPHU</subfield>
    <subfield code="b">PD</subfield>
    <subfield code="c">HD</subfield>
    <subfield code="d">2009-07-03</subfield>
    <subfield code="l">0</subfield>
    <subfield code="o">BNPHU PD 333.75 R4362e</subfield>
    <subfield code="p">2697-20</subfield>
    <subfield code="r">2020-06-25</subfield>
    <subfield code="t">e. 2</subfield>
    <subfield code="w">2020-06-25</subfield>
    <subfield code="y">LFPD</subfield>
  </datafield>
  <datafield tag="999" ind1=" " ind2=" ">
    <subfield code="c">2533</subfield>
    <subfield code="d">2533</subfield>
  </datafield>
</record>
